Billboard Number One Hits of the 2010's - Statistics

General Stats
  • This quiz has been taken 481 times
  • The average score is 88 of 113
Answer Stats
Answer % Correct
Grenade | Just The Way You Are | Locked Out Of Heaven | +2 others Bruno Mars
98%
What's My Name? | Work Rihanna ft Drake
98%
Hello | Rolling In The Deep | Set Fire To The Rain | Someone Like You Adele
97%
Blank Space | Look What You Made Me Do | Shake It Off | We Are Never Ever Getting Back Together Taylor Swift
97%
Firework | Last Friday Night (T.G.I.F) | Part Of Me | +2 others Katy Perry
96%
Blurred Lines Robin Thicke ft T.I & Pharrell Williams
96%
Love The Way You Lie | The Monster Eminem ft Rihanna
95%
Tik Tok | We R Who We R Kesha
94%
Timber Pitbull ft Kesha
94%
Only Girl (In The World) | Rude Boy Rihanna
94%
Love Yourself | Sorry | What Do You Mean? Justin Bieber
93%
Shape Of You Ed Sheeran
92%
Uptown Funk Mark Ronson ft Bruno Mars
92%
God's Plan | Nice For What Drake
91%
One Dance Drake ft Wizkid & Kyla
91%
California Gurls Katy Perry ft Snoop Dogg
91%
Can't Feel My Face | Heartless | The Hills The Weeknd
91%
All I Want For Christmas Is You Mariah Carey
90%
E.T. Katy Perry ft Kanye West
89%
We Found Love Rihanna ft Calvin Harris
89%
Wrecking Ball Miley Cyrus
88%
7 Rings | Thank U Next Ariana Grande
87%
Dark Horse Katy Perry ft Juicy J
87%
Born This Way Lady Gaga
87%
One More Night Maroon 5
87%
S&M Rihanna ft Britney Spears
87%
Old Town Road Lil Nas X ft Billy Ray Cyrus
86%
Moves Like Jagger Maroon 5 ft Christina Aguilera
86%
All About That Bass Meghan Trainor
85%
Bad Blood Taylor Swift ft Kendrick Lamar
85%
Nothin' On You BOB ft Bruno Mars
84%
Bad Guy Billie Eilish
83%
Perfect Ed Sheeran ft Beyonce
82%
Can't Stop The Feeling Justin Timberlake
82%
Circles Post Malone
82%
Can't Hold Us Macklemore & Ryan Lewis ft Ray Dalton
81%
Thrift Shop Macklemore & Ryan Lewis ft Wanz
81%
Humble Kendrick Lamar
79%
Shallow Lady Gaga & Bradley Cooper
79%
Happy Pharrell Williams
79%
Rockstar Post Malone ft 21 Savage
79%
Sunflower Post Malone & Swae Lee
79%
Call Me Maybe Carly Rae Jepsen
78%
Royals Lorde
78%
Despacito Luis Fonsi & Daddy Yankee ft Justin Bieber
78%
Psycho Post Malone ft Ty Dolla Sign
78%
Senorita Shawn Mendes & Camila Cabello
78%
Not Afraid Eminem
77%
Sexy And I Know It LMFAO
77%
Party Rock Anthem LMFAO ft Lauren Bennett & GoonRock
77%
Cheap Thrills Sia ft Sean Paul
77%
Havana Camila Cabello ft Young Thug
74%
Raise Your Glass P!nk
74%
Highest In The Room | Sicko Mode Travis Scott
74%
All Of Me John Legend
73%
Somebody That I Used To Know Gotye ft Kimbra
72%
I'm The One DJ Khaled ft Justin Bieber, Quavo, Chance The Rapper & Lil Wayne
69%
Whistle Flo Rida
69%
Stronger (What Doesn't Kill You) Kelly Clarkson
68%
Black And Yellow Wiz Khalifa
68%
See You Again Wiz Khalifa ft Charlie Puth
68%
I Like It Cardi B, Bad Bunny & J Balvin
67%
Starboy The Weeknd ft Daft Punk
67%
OMG Usher ft will.i.am
67%
Bodak Yellow Cardi B
65%
This Is America Childish Gambino
63%
Closer The Chainsmokers ft Halsey
63%
Fancy Iggy Azalea ft Charli XCX
62%
We Are Young fun ft Janelle Monae
61%
Give Me Everything Pitbull ft Ne-Yo, Afrojack & Nayer
59%
Pillowtalk Zayn
59%
Someone You Loved Lewis Capaldi
56%
Imma Be Black Eyed Peas
55%
Truth Hurts Lizzo
52%
Sad! XXXTentacion
52%
Without Me Halsey
51%
Cheerleader Omi
50%
Lose You To Love Me Selena Gomez
49%
Sucker Jonas Brothers
47%
Rude Magic!
47%
Bad & Boujee Migos ft Lil Uzi Vert
44%
Panda Desiigner
42%
Break Your Heart Taio Cruz ft Ludacris
39%
Hold It Against Me Britney Spears
36%
Like A G6 Far East Movement ft The Cataracs & Dev
32%
Black Beatles Rae Sremmurd ft Gucci Mane
32%
Harlem Shake Baauer
19%
Just Give Me A Reason P!nk ft Nate Ruess
2%
No matching quizzes found
Score Distribution
Percent of People with Each Score
Percentile by Number Answered
Your Score History
You have not taken this quiz